000 00590nam a2200193Ia 4500
003 GCL
008 140319s9999 xx 000 0 ara d
040 _aGCL /
_cGCL
082 0 4 _a212.1
_bم ا
100 1 _aمحمد عبدالقادر حاتم
245 1 0 _aالاخلاق فى الاسلامETHICS IN ISLAM /
_cمحمد عبدالقادر حاتم
260 _a[S.N] :
_bالهيئة المصرية العامة للكتاب ،
_c1988
300 _a138 ص
490 _a
650 0 4 _aالاسلام
650 0 4 _aالاخلاق
650 0 4 _aالديانات
942 _2ddc
_cBK
999 _c29849
_d29849